Die deutschen mundartlichen Ortsnamen Südtransdanubiens (Ungarn)
| Titel: | Die deutschen mundartlichen Ortsnamen Südtransdanubiens (Ungarn) / Josef Schwing |
|---|---|
| Verfasser: | |
| Veröffentlicht: | Debrecen : Debreceni Egyetemi K., 2011 |
| Umfang: | XXXVIII, 213 Seiten : Karten ; 24 cm |
| Format: | Buch |
| Sprache: | Deutsch |
| Schriftenreihe/ mehrbändiges Werk: |
A Magyar Névarchívum kiadványai ; 22 |
| RVK-Notation: |
·
|
| ISBN: | 9789633181294 |
| Hinweise zum Inhalt: |
Inhaltsverzeichnis
|
alg: 30219212 001A $06000:07-06-12 001B $01999:05-11-24 $t08:25:29.000 001D $00030:20-08-12 001U $0utf8 001X $00 002@ $0Aay 002C $aText $btxt $2rdacontent 002D $aohne Hilfsmittel zu benutzen $bn $2rdamedia 002E $aBand $bnc $2rdacarrier 003@ $0302192123 003O $0794947669 $aOCoLC 004A $A978-963-318-129-4 $fkart. 006G $01021504238 006U $012,A23 $f20120412 007A $01021504238 $aDNB 007G $0DE006855E2E96E40A951EC1257A720050647D 009P $qapplication/pdf $A2 $3Inhaltsverzeichnis $uhttp://scans.hebis.de/HEBCGI/show.pl?30219212_toc.pdf $mV:DE-603;B:DE-30 010@ $ager 011@ $a2011 013D $RLexikon $#Dictionaries $#Dictionnaires $#Reallexikon Formbegriff $#Sachwörterbuch Formbegrif $#Sprachwörterbuch $#Vokabular Wörterbuch $#Vokabularium $#Wörterbücher $#Dictionary $74066724-8 $8Wörterbuch [Ts1] $9085187623 017A $asf 021A $aDie @deutschen mundartlichen Ortsnamen Südtransdanubiens (Ungarn) $hJosef Schwing 028A $BVerfasser $4aut $7113623763 $8Schwing, Josef$Z1932- [Tp1] $9148000932 033A $pDebrecen $nDebreceni Egyetemi K. 034D $aXXXVIII, 213 Seiten 034I $a24 cm 034M $aKarten 036E $aA @Magyar Névarchívum kiadványai $l22 036F $x222 $8A @Magyar Névarchívum kiadványai $920013499X $l22 044K $qDNB $RUngarn $#Südwestungarn $#Südtransdanubien $#Ungarn, Südwest $74211291-6 $8Transdanubien$zSüd [Tg1] $9086084615 044K $qDNB $RGeografischer Name $#Toponymy $#Toponymie $#Historischer Ortsname $#Siedlungsname $#Toponym $#Toponymikon $#Ortsnamen $74043950-1 $8Ortsname [Ts1] $9085122882 044K $qDNB $RMundart $RDonaupfälzisch $71022916858 $8Mundart Donaupfälzisch$gTransdanubien, Süd [Ts1] $930168359X 045E $c910 $c430 045F $a914.397003 $eDDC22ger 045F/01 $a910.3 045F/03 $g4397 045R $aGeschichte 045Z $8GD 7458 [Tkv] $9408307900 045Z $8LC 64275 [Tkv] $9409756520 lok: 30219212 3 101B $020-08-12 $t14:57:44.000 101C $020-08-12 101U $0utf8 145S/01 $a720 exp: 30219212 3 1 #EPN 201B/01 $020-08-12 $t14:54:18.000 201C/01 $018-06-12 201U/01 $0utf8 203@/01 $0644565942 208@/01 $a20-08-12 $bzAa 209A/01 $a89.848.15 $du $f000 $h89 848 $x00 209G/01 $a89848156 $x00 247C/01 $8601000-3 <30>Frankfurt, Universitätsbibliothek J. C. Senckenberg, Zentralbibliothek (ZB) $9102598258 lok: 30219212 78 exp: 30219212 78 1 #EPN 201B/01 $003-06-22 $t10:51:22.000 201C/01 $003-06-22 201U/01 $0utf8 203@/01 $01202644430 208@/01 $a03-06-22 $be 209A/01 $a/ $f000 $x00 209A/01 $ab*p $x01 220C/01 $aeja 244Z/01 $#Ungarn $#Ungarn $#Ungarische Räterepublik $#Königreich Ungarn $#Die @Länder der ungarischen Krone $#Transleithanien $#Magyarország $#Magyar Köztársaság $#Magyar Tanácsköztársaság $#Government of the Hungarian Republic $#Zemalja Ugarske Krune $#VNR $#Ungern $#Ungarische Republik $#Republik Ungarn $#Ungarische Volksrepublik $#Volksrepublik Ungarn $#Magyar Népköztársaság $#Hungary $#Hungarian Republic $#Hongrie $#Vengerskaja Narodnaja Respublika $#Hungarian People's Republic $#HPR Hungarian People's Republic $#République Populaire Hongroise $#Ungarische VR $#Republic of Hungary $#Vengrija $74078541-5 $8--Tgz--Ungarn $x15 $9085222712 247C/01 $82080>Marburg/Lahn, Herder-Institut, Forschungsbibliothek, Bibliographieportal $9336309341 lok: 30219212 205 exp: 30219212 205 1 #EPN 201B/01 $021-04-23 $t11:46:50.000 201C/01 $030-03-23 201U/01 $0utf8 203@/01 $01230294848 208@/01 $a30-03-23 $bg 209A/01 $a706 GD 7458 S415 D4 $dg $f424 $x00 209C/01 $a18 2023/00047 209G/01 $a56749020 $x00 247C/01 $8351424-9 <4/424>Marburg, Universität Marburg, Forschungszentrum Deutscher Sprachatlas, Bibliothek $9102595526
| LEADER | 00000cam a22000002c 4500 | ||
|---|---|---|---|
| 001 | 302192123 | ||
| 003 | DE-603 | ||
| 005 | 20241105082529.0 | ||
| 007 | tu | ||
| 008 | 120607s2011 xx |||| | u00||u|ger | ||
| 015 | |a 12,A23 |2 dnb | ||
| 016 | 7 | |2 DE-101 |a 1021504238 | |
| 020 | |a 9789633181294 |c kart. | ||
| 035 | |a (DE-599)DNB1021504238 | ||
| 035 | |a (OCoLC)794947669 | ||
| 040 | |a DE-603 |b ger |c DE-603 |d DE-603 | ||
| 041 | |a ger | ||
| 082 | 0 | 4 | |8 1\u |a 914.397003 |q DE-101 |2 22/ger |
| 084 | |a 910 |a 430 |q DE-101 |2 sdnb | ||
| 084 | |a GD 7458 |0 (DE-625)38777: |0 (DE-603)408307900 |2 rvk | ||
| 084 | |a LC 64275 |0 (DE-625)90672:853 |0 (DE-603)409756520 |2 rvk | ||
| 085 | |8 1\u |b 910.3 | ||
| 085 | |8 1\u |z 2 |s 4397 | ||
| 090 | |a b | ||
| 100 | 1 | |a Schwing, Josef |d 1932- |e Verfasser |4 aut |0 (DE-603)148000932 |0 (DE-588)113623763 |2 gnd | |
| 245 | 0 | 0 | |a Die deutschen mundartlichen Ortsnamen Südtransdanubiens (Ungarn) |c Josef Schwing |
| 264 | 1 | |a Debrecen |b Debreceni Egyetemi K. |c 2011 | |
| 300 | |a XXXVIII, 213 Seiten |b Karten |c 24 cm | ||
| 336 | |a Text |b txt |2 rdacontent | ||
| 337 | |a ohne Hilfsmittel zu benutzen |b n |2 rdamedia | ||
| 338 | |a Band |b nc |2 rdacarrier | ||
| 490 | 1 | |a A Magyar Névarchívum kiadványai |v 22 | |
| 648 | 7 | |a Geschichte |2 gnd | |
| 650 | 7 | |a Ortsname |0 (DE-588)4043950-1 |0 (DE-603)085122882 |2 gnd | |
| 650 | 7 | |a Mundart Donaupfälzisch |g Transdanubien, Süd |0 (DE-588)1022916858 |0 (DE-603)30168359X |2 gnd | |
| 651 | 7 | |a Transdanubien |0 (DE-588)4211291-6 |0 (DE-603)086084615 |2 gnd | |
| 655 | 7 | |a Wörterbuch |2 gnd-content |0 (DE-588)4066724-8 |0 (DE-603)085187623 | |
| 810 | 2 | 2 | |a Magyar Névarchívum |g Debrecen |t A Magyar Névarchívum kiadványai |v 22 |w (DE-603)20013499X |w (DE-600)2231374-6 |9 222 |7 as |
| 856 | 4 | 2 | |m V:DE-603;B:DE-30 |q application/pdf |u http://scans.hebis.de/HEBCGI/show.pl?30219212_toc.pdf |3 Inhaltsverzeichnis |
| 924 | 0 | |9 30 |a (DE-603)644565942 |b DE-30 |c HES |d c |g 89.848.15 | |
| 924 | 0 | |9 2080 |a (DE-603)1202644430 |b DE-2080 |c HES |d d |g / | |
| 924 | 0 | |9 4/424 |a (DE-603)1230294848 |b DE-4-424 |c HES |d d |g 706 GD 7458 S415 D4 | |


